| 000 | 00428 a2200157 4500 | ||
|---|---|---|---|
| 020 | _a9781587204470 | ||
| 082 | _a005.8076 | ||
| 090 |
_c7286 _d7286 |
||
| 100 | _aHooper, Howard | ||
| 245 |
_aCCNP security VPN 642-648 official cert guide _cHoward Hooper |
||
| 260 |
_aUSA _bCisco Press _c2012 |
||
| 300 | _a799 p. | ||
| 650 | _aTelecommunications engineers--Certification | ||
| 700 | _aHoward Hooper | ||
| 942 |
_cBK _k005.8076 HOO |
||
| 999 |
_c11089 _d11089 |
||